Luther's works / (Record no. 6689)

MARC details
000 -LEADER
fixed length control field 03291cam a2200445 a 4500
001 - CONTROL NUMBER
control field 91822
003 - CONTROL NUMBER IDENTIFIER
control field GBCCL
005 - DATE AND TIME OF LATEST TRANSACTION
control field 20241126110609.0
008 - FIXED-LENGTH DATA ELEMENTS--GENERAL INFORMATION
fixed length control field 860625m19559999mou b 001 0 eng
010 ## -
-- 55009893
020 ## - INTERNATIONAL STANDARD BOOK NUMBER
International Standard Book Number 9780570064206 (v. 20)
020 ## - INTERNATIONAL STANDARD BOOK NUMBER
International Standard Book Number 0570064201 (v. 20)
020 ## - INTERNATIONAL STANDARD BOOK NUMBER
International Standard Book Number 9780758613899 (v. 60)
020 ## - INTERNATIONAL STANDARD BOOK NUMBER
International Standard Book Number 075861389X (v. 60)
035 ## - SYSTEM CONTROL NUMBER
System control number (OCoLC)ocm13839632
040 ## - CATALOGING SOURCE
Original cataloging agency DLC
Transcribing agency DLC
Modifying agency PGC
-- OCL
049 ## -
-- LBBK
-- 1-55, 58-60, 69,76-78
-- LBBA
-- 54
050 00 -
-- BR330
-- .E5 1955
082 00 - DEWEY DECIMAL CLASSIFICATION NUMBER
Classification number 230.41
Edition information 19
Item number LUT
090 ## - LOCALLY ASSIGNED LC-TYPE CALL NUMBER (OCLC); LOCAL CALL NUMBER (RLIN)
Classification number (OCLC) (R) ; Classification number, CALL (RLIN) (NR) BR330
Local cutter number (OCLC) ; Book number/undivided call number, CALL (RLIN) .E5 1955
100 1# - MAIN ENTRY--PERSONAL NAME
Personal name Luther, Martin,
Dates associated with a name 1483-1546.
9 (RLIN) 3327
240 10 -
-- Works.
-- English.
-- 1955
245 10 - TITLE STATEMENT
Title Luther's works /
Statement of responsibility, etc. edited by Jaroslav Pelikan.
250 ## - EDITION STATEMENT
Edition statement American ed.
260 ## - PUBLICATION, DISTRIBUTION, ETC.
Place of publication, distribution, etc. Saint Louis ; Philadelphia, Fortress Press
Name of publisher, distributor, etc. Concordia Pub. House ; Fortress Press,
Date of publication, distribution, etc. c1955-<9999>
300 ## - PHYSICAL DESCRIPTION
Extent v. <1-55, 58-60, 69,76-77> ;
Dimensions 24 cm.
500 ## - GENERAL NOTE
General note Vols. 10-11, 17-20, 24 edited by H.C. Oswald ; vols. 31-49, 51-54 edited by H.J. Grimm and others. General editor: H.T. Lehmann; vol. 55 edited by Joel W. Lundeen. Volumes 60- edited by Christopher Boyd Brown.
500 ## - GENERAL NOTE
General note Vols. 31-55 have imprint: Philadelphia, Fortress Press (formerly Muhlenberg Press)
500 ## - GENERAL NOTE
General note Supplemented by "Companion volume. Luther the expositor; introduction to the Reformer's exegetical writings, by Jaroslav Pelikan" (xiii, 286 p. 24 cm.) published: Saint Louis, Concordia Pub. House [1959] BR330.E5 1955 Suppl.
504 ## - BIBLIOGRAPHY, ETC. NOTE
Bibliography, etc. note Includes bibliographical references and index (v. 55).
505 0# - FORMATTED CONTENTS NOTE
Formatted contents note v. 1-8. Lectures on Genesis -- v. 9. Lectures on Deuteronomy -- v. 10-11. First lectures on the Psalms -- v. 12-14. Selected Psalms -- v. 15. Notes on Ecclesiastes ; Lectures on the Song of Solomon ; Treatise on the last words of David (2 Samuel 23:1-7) -- v. 16-17. Lectures on Isaiah -- v. 18. Lectures on the minor prophets : Hosea, Joel, Amos, Obadiah, Micah, Nahum, Zephaniah, Haggai, Malachi -- v. 19. Lectures on the minor prophets : Jonah, Habakkuk -- v. 20. Lectures on the minor prophets : Zechariah -- v. 21. The Sermon on the Mount (sermons) and The Magnificat -- v. 22-24. Sermons on the gospel of St. John -- v. 25. Lectures on Romans -- v. 26-27. Lectures on Galatians -- v. 28. Commentaries on 1 Corinthians 7, 1 Corinthians 15 ; Lectures on 1 Timothy -- v. 29. Lectures on Titus, Philemon, and Hebrews -- v. 30. The Catholic epistles -- v. 31-34. Career of the reformer -- v. 35-38. Word and sacrament -- v. 39-41. Church and ministry -- v. 42-43. Devotional writings -- v. 44-47. The Christian in society -- v. 48-50. Letters -- v. 51-52. Sermons -- v. 53. Liturgy and hymns -- v. 54. Table talk -- v. 55. Index -- v. 58. Sermons V -- v. 59. Prefaces I -- v. 60. Prefaces II : [prefaces to the works of others, 1532-1545] -- v. 69. Sermons on the Gospel of St. John, Chapters 17-20. -- v.77 Church Postil III.
630 00 - SUBJECT ADDED ENTRY--UNIFORM TITLE
Uniform title Bible
General subdivision Criticism, interpretation, etc.
-- History
Chronological subdivision 16th century.
9 (RLIN) 11948
650 #0 - SUBJECT ADDED ENTRY--TOPICAL TERM
Topical term or geographic name entry element Theology
Form subdivision Early works to 1800.
9 (RLIN) 11949
650 #0 - SUBJECT ADDED ENTRY--TOPICAL TERM
Topical term or geographic name entry element Lutheran Church.
9 (RLIN) 11950
700 1# - ADDED ENTRY--PERSONAL NAME
Personal name Pelikan, Jaroslav Jan,
Dates associated with a name 1923-
Relator term ed.
9 (RLIN) 11951
700 1# - ADDED ENTRY--PERSONAL NAME
Personal name Oswald, Hilton C.
Relator term ed.
9 (RLIN) 11952
700 1# - ADDED ENTRY--PERSONAL NAME
Personal name Lehmann, Helmut T.
Relator term ed.
9 (RLIN) 11953
740 0# -
-- Luther the expositor.
942 ## - ADDED ENTRY ELEMENTS (KOHA)
Source of classification or shelving scheme Dewey Decimal Classification
Koha item type Books
Holdings
Withdrawn status Lost status Source of classification or shelving scheme Damaged status Not for loan Home library Current Library Shelving location Date acquired Total checkouts Full call number Barcode Date last seen Copy number Price effective from Koha item type
    Dewey Decimal Classification     GRACE BIBLE COLLEGE GRACE BIBLE COLLEGE Commentary 2018-05-25   230.41 LUT 001119 2025-05-01 v.15 2018-05-25 Reference Books
© Grace Bible College Library 2025